00260nam a2200097Ia 4500008004100000082001600041100001600057245004600073260003500119300000800154150731s2013 xx 000 0 und d a611bE 13 D aDATTA, A.K. aESSENTIALS OF HUMAN ANATOMY NEURO ANATOMY bCARMT BOOK INTER KOLKOTAc2013 a322